[Event "Zichichi Memorial"]
[Site "Ladispoli"]
[Date "2008.05.??"]
[Round "2"]
[White "Colantonio, Marco"]
[Black "Dicorato, Michele"]
[Result "1-0"]
[WhiteElo "1731"]
[BlackElo "1398"]
[PlyCount "53"]
[EventDate "2008.05.01"]
[EventType "swiss"]
[EventRounds "7"]
[EventCountry "ITA"]
[SourceTitle "EXT 2009"]
[Source "ChessBase"]
[SourceDate "2008.11.26"]
[SourceVersion "1"]
[SourceVersionDate "2008.11.26"]
[SourceQuality "1"]

1. e4 e5 2. f4 exf4 3. Nf3 Nc6 4. Bc4 d6 5. d4 Bg4 6. c3 Qd7 7. 0-0 0-0-0 8. Bxf4 f6 9. Nbd2 g5 10. Be3 Kb8 11. b4 h5 12. Qa4 Nce7 13. b5 b6 14. Qb3 h4 15. a4 d5 16. exd5 Nxd5 17. Bxg5 fxg5 18. Ne5 Qc8 19. Bxd5 Ne7 20. Bc6 Be6 21. Qb2 Bd5 22. a5 Bxc6 23. bxc6 Rh7 24. axb6 cxb6 25. Nd7+ Rxd7 26. cxd7 Qd8 27. Qa3 1-0

[Event "Zichichi Memorial"]
[Site "Ladispoli"]
[Date "2008.05.??"]
[Round "3"]
[White "Dicorato, Michele"]
[Black "Gamberale, Francesco"]
[Result "1-0"]
[WhiteElo "1398"]
[BlackElo "1440"]
[PlyCount "40"]
[EventDate "2008.05.01"]
[EventType "swiss"]
[EventRounds "7"]
[EventCountry "ITA"]
[SourceTitle "EXT 2009"]
[Source "ChessBase"]
[SourceDate "2008.11.26"]
[SourceVersion "1"]
[SourceVersionDate "2008.11.26"]
[SourceQuality "1"]

1. d4 Nf6 2. c4 g6 3. Nc3 Bg7 4. e4 d6 5. Nf3 Nbd7 6. Be2 c5 7. d5 Nb6 8. 0-0 Bg4 9. Nd2 Bxe2 10. Qxe2 0-0 11. f4 e6 12. e5 dxe5 13. fxe5 Nfd7 14. Nf3 exd5 15. cxd5 Re8 16. Bf4 Nc8 17. Rad1 f6 18. e6 Qb6 19. Qb5 Nf8 20. Qxe8 Qxb2 1-0

[Event "Zichichi Memorial"]
[Site "Ladispoli"]
[Date "2008.05.??"]
[Round "6"]
[White "Mariani, Francesca"]
[Black "Dicorato, Michele"]
[Result "1-0"]
[WhiteElo "1266"]
[BlackElo "1398"]
[PlyCount "33"]
[EventDate "2008.05.01"]
[EventType "swiss"]
[EventRounds "7"]
[EventCountry "ITA"]
[SourceTitle "EXT 2009"]
[Source "ChessBase"]
[SourceDate "2008.11.26"]
[SourceVersion "1"]
[SourceVersionDate "2008.11.26"]
[SourceQuality "1"]

1. e4 e5 2. Nf3 Nc6 3. Bc4 Nf6 4. d3 Be7 5. 0-0 0-0 6. c3 d5 7. exd5 Nxd5 8. Qe2 Qd6 9. Re1 Bf6 10. Nbd2 Bf5 11. Nf1 Bg6 12. Ng3 Rae8 13. Bd2 Re7 14. Bg5 h6 15. Bxf6 Nxf6 16. Nh4 Qd7 17. Nxg6 1-0